<?xml version="1.0" encoding="UTF-8"?>
<marc:record xmlns:marc="http://www.loc.gov/MARC21/slim">
   <marc:leader>00000nam a2200000 a 4500</marc:leader>
   <marc:datafield ind1="1" ind2=" " tag="100">
      <marc:subfield code="a">Wenders, Wim</marc:subfield>
      <marc:subfield code="4">drt</marc:subfield>
      <marc:subfield code="e">Regisseur/-in</marc:subfield>
   </marc:datafield>
   <marc:datafield ind1=" " ind2=" " tag="653">
      <marc:subfield code="a">Welt</marc:subfield>
   </marc:datafield>
   <marc:datafield ind1=" " ind2=" " tag="653">
      <marc:subfield code="a">Salz</marc:subfield>
   </marc:datafield>
   <marc:datafield ind1=" " ind2=" " tag="653">
      <marc:subfield code="a">Dokumentation</marc:subfield>
   </marc:datafield>
   <marc:datafield ind1="0" ind2="0" tag="245">
      <marc:subfield code="a">Das Salz der Erde</marc:subfield>
   </marc:datafield>
   <marc:datafield ind1=" " ind2="1" tag="264">
      <marc:subfield code="b">EuroVideo</marc:subfield>
      <marc:subfield code="c">2015</marc:subfield>
   </marc:datafield>
   <marc:datafield ind1="1" ind2=" " tag="520">
      <marc:subfield code="a">Im Jahr 2004 begann Salgado das „Genesis“-Projekt, um das makellose Gesicht der Natur und der Menschheit abzubilden. „Genesis“ besteht aus einer Reihe von Landschafts- und Tieraufnahmen sowie aus Fotos von menschlichen Gemeinschaften, die im Einklang mit ihren alten Traditionen und Kulturen leben. Dieses Werk wurde als ein möglicher Weg der menschlichen Wiederentdeckung in sich selbst und in der Natur konzipiert. Im Frühjahr 2013 wurden zwei Bücher zu „Genesis“ im TASCHEN – Verlag in sechs Sprachen veröffentlicht. Zeitgleich begann die weltweite Wanderausstellung „Genesis“.&#xD;
&#xD;
Seit den 1990er Jahren arbeiten Salgado und Lélia an der Wiederherstellung eines Teils des Atlantischen Regenwaldes in Brasilien. Es gelingt ihnen, das Gebiet 1998 in ein Naturschutzgebiet umzuwandeln, und sie gründen das Instituto Terra, eine Umweltorganisation mit dem Ziel der Wiederaufforstung, der Erhaltung und Ausbildung. Im Jahr 2012 erhalten Salgado und Lélia sowohl den „Price e“ vom Institutoe der UNESCO Brasilien und der Gemeinde Rio de Janeiro als auch den „Personalidade Ambiental“-Preis des World Wildlife Fund, Brasilien. Diese Auszeichnungen wurden ihnen in Anerkennung ihrer Arbeit mit dem Instituto Terra verliehen. Salgado wurde mit zahlreichen wichtigen Preisen für seine fotografischen Leistungen ausgezeichnet. Er ist zudem UNICEF-Botschafter und Ehrenmitglied der American Academy of Arts and Sciences.&#xD;
--&#xD;
+ 30' Extras</marc:subfield>
   </marc:datafield>
   <marc:datafield ind1="3" ind2=" " tag="024">
      <marc:subfield code="a">4009750211854</marc:subfield>
   </marc:datafield>
   <marc:datafield ind1="1" ind2=" " tag="521">
      <marc:subfield code="a">12</marc:subfield>
   </marc:datafield>
   <marc:datafield ind1=" " ind2=" " tag="338">
      <marc:subfield code="a">Videodisk</marc:subfield>
   </marc:datafield>
   <marc:datafield ind1=" " ind2=" " tag="300">
      <marc:subfield code="a">1 DVD</marc:subfield>
   </marc:datafield>
</marc:record>
